01517nam a2200349 a 4500001001000000003000500010005001700015008004100032010001100073011001100084040000900095090001000104100003700114245018100151260004100332500006000373502007100433590004100504590004000545590004000585650003700625650004100662650003700703650003900740856007000779901000700849942001000856942000600866999001900872952013600891952014001027000113455CHAP20220329144355.0170628s2016 mx sm |||||||spa d a109916 a110888 cCHAP aTesis1 aRamos Jiménez, Jesús913274810aÍndice de satisfacción de necesidades hídricas para la zonificación agroclimática de la región Montañosa de Veracruz /h[En línea]cpor Jesús Ramos Jiménez. aChapingo, Méx. :bEl autor,c2016. aPara ver el contenido del material haga clic en la liga aTesis (Ing. en Irrigación) -- UACH. Departamento de Irrigación aE11695DGDb10c20170628lUCH01h1330 aE8697GMMb05c20170628lUCH01h0850 aE8697GMMb05c20170628lUCH01h095014aCultivosxAgua requerida.93022414aCultivosxZonas dexVeracruz.93035714aHortalizasxRendimiento.913049114aHorticulturaxMejoramiento.956353 aFinding aiduhttp://10.13.5.2/tesis/sist113455.pdfzTeclea aquí aBK cTESIS n0 c109916d109916 00104054718TESISaBCbBCd2017-06-28fTESISl0oTesisp33724002536405r2019-12-31 00:00:00w2019-12-31yTESISzRecien adquirido 00102local4053708TESISaBCbBCcPA_TESISd2017-06-28fTESISl0oTesisp33724002536446r2019-12-31 00:00:00tc.2w2019-12-31yTESIS